[Event "HUN-chT U18"]
[Site "Budapest"]
[Date "2021.10.27"]
[Round "7.14"]
[White "Jojart, Zsolt"]
[Black "Losonczi, Marcell"]
[Result "0-1"]
[WhiteElo "2040"]
[BlackElo "2287"]
[PlyCount "68"]
[EventDate "2021.10.24"]
[EventType "team-tourn"]
[EventRounds "7"]
[EventCountry "HUN"]
[SourceTitle "CBM 205 Extra"]
[Source "ChessBase"]
[SourceDate "2022.01.31"]
[SourceVersion "1"]
[SourceVersionDate "2022.01.31"]
[SourceQuality "1"]

1. e4 e5 2. Nf3 Nc6 3. Bc4 Nf6 4. Qe2 Be7 5. d4 d6 6. dxe5 dxe5 7. c3 0-0 8. 0-0 Bg4 9. h3 Bh5 10. Nbd2 a6 11. a4 h6 12. a5 Nh7 13. g4 Bg6 14. Bd5 Bc5 15. b4 Ba7 16. Nc4 Nf6 17. Rd1 Qc8 18. Nh4 Ne7 19. Nxe5 Nexd5 20. exd5 Be4 21. c4 Re8 22. Bb2 Qd8 23. Kf1 Nd7 24. Qxe4 Qxh4 25. c5 Nxe5 26. Bxe5 Qxh3+ 27. Kg1 f6 28. Rd3 Rxe5 29. Qxe5 Qxd3 30. Qe6+ Kh7 31. Qd7 Qe4 32. Rc1 Re8 33. Rd1 Re5 34. d6 cxd6 0-1

[Event "HUN-chT2 Maroczy 1819"]
[Site "Hungary"]
[Date "2019.04.28"]
[Round "11.9"]
[White "Lazar, Janos"]
[Black "Jojart, Zsolt"]
[Result "0-1"]
[WhiteElo "2133"]
[BlackElo "1669"]
[PlyCount "126"]
[EventDate "2018.09.23"]
[EventType "team-tourn"]
[EventRounds "11"]
[EventCountry "HUN"]
[SourceTitle "EXT 2021"]
[Source "ChessBase"]
[SourceDate "2020.10.23"]
[SourceVersion "1"]
[SourceVersionDate "2020.10.23"]
[SourceQuality "1"]
[WhiteTeam "Kisujszallas"]
[BlackTeam "Szeged Maroczy II"]
[WhiteTeamCountry "HUN"]
[BlackTeamCountry "HUN"]

1. c4 Nf6 2. Nc3 g6 3. g3 Bg7 4. Bg2 c5 5. e3 Nc6 6. Nge2 h5 7. h3 d6 8. b3 Bd7 9. Bb2 Qc8 10. Nd5 e5 11. Nec3 Nb4 12. Nxf6+ Bxf6 13. Qf3 Be7 14. Qxb7 Qxb7 15. Bxb7 Rb8 16. Be4 f5 17. Bb1 Bc6 18. Rg1 Kf7 19. d3 h4 20. Kd2 hxg3 21. Rxg3 Bh4 22. Rg1 Bxf2 23. Rf1 Bg3 24. Ne4 Bxe4 25. dxe4 f4 26. Rh1 Rh4 27. Bd3 Rbh8 28. Bf1 fxe3+ 29. Ke2 Rf4 30. Rb1 Rf8 31. Kxe3 Ke7 32. Be2 Bf2+ 33. Kd2 Rxe4 34. a3 Be3+ 35. Kc3 Bd4+ 36. Kd2 Rf2 37. Rhe1 Nc6 38. Kd3 Re3+ 39. Kd2 Na5 40. Bxd4 cxd4 41. Kd1 Nxb3 42. a4 Rc3 43. Rf1 Rh2 44. Rf3 Rxh3 45. Rxh3 Rxh3 46. Bf1 Rc3 47. Bg2 d3 48. Be4 d2 49. Bc2 Nd4 50. Bxg6 Nf3 51. Be4 Ng5 52. Bd5 Rd3 53. Rb2 Nh3 54. Rxd2 Rxd2+ 55. Kxd2 Nf4 56. Be4 Ne6 57. Ke3 Kd8 58. a5 Nc5 59. Bc2 Nb7 60. Ke4 Nxa5 61. Kd5 Kc7 62. Ba4 Nb7 63. Bc6 Nc5 0-1